[Event "Basel Easter op"]
[Site "Basel"]
[Date "2024.03.30"]
[Round "5"]
[White "Aditya, Kunal Patil"]
[Black "Ohler, Julius"]
[Result "0-1"]
[WhiteElo "2051"]
[BlackElo "2223"]
[PlyCount "120"]
[EventDate "2024.03.28"]
[EventType "swiss"]
[EventRounds "9"]
[EventCountry "SUI"]
[SourceTitle "CB14_2024"]
[SourceDate "2024.04.01"]
[SourceVersion "1"]
[SourceVersionDate "2024.04.01"]
[SourceQuality "1"]

1. e4 c6 2. d4 d5 3. Nc3 dxe4 4. Nxe4 Nf6 5. Nxf6+ exf6 6. Be3 Bd6 7. Bd3 0-0 8. Ne2 Re8 9. 0-0 Bg4 10. h3 Bh5 11. Qd2 Nd7 12. c4 Nf8 13. Nc3 Bc7 14. c5 Re7 15. Bc4 Rd7 16. g4 Bg6 17. Rad1 Ba5 18. a3 Bxc3 19. Qxc3 Be4 20. f3 Bd5 21. Bf4 Bxc4 22. Qxc4 Rd5 23. Bd6 f5 24. Rfe1 Ng6 25. Qe2 h5 26. gxh5 Qg5+ 27. Kh2 Qxh5 28. f4 Qh4 29. Qe3 Rd8 30. Rf1 Nf8 31. Rg1 Ne6 32. b4 Re8 33. Rde1 Nc7 34. Be7 Qh6 35. Qf2 Ne6 36. Bd6 a6 37. Re5 Rxe5 38. Bxe5 f6 39. Bd6 Qh5 40. Re1 Kf7 41. Qe3 Nc7 42. Qf2 Nd5 43. Rxe8 Kxe8 44. Qe1+ Kd7 45. Kg3 Qe8 46. Qxe8+ Kxe8 47. Kf3 Kf7 48. Ke2 Kg6 49. Kf3 Kh5 50. Bf8 g6 51. Kg3 Ne3 52. a4 Nd5 53. Bg7 g5 54. fxg5 fxg5 55. b5 axb5 56. axb5 cxb5 57. Kf3 Kh4 58. Bh6 b4 59. c6 bxc6 60. Bf8 Kxh3 0-1

[Event "Staufer op 34th"]
[Site "Schwaebisch Gmuend"]
[Date "2024.01.06"]
[Round "9"]
[White "Ohler, Julius"]
[Black "Kasueschke, Lars"]
[Result "1-0"]
[WhiteElo "2213"]
[BlackElo "2044"]
[PlyCount "120"]
[EventDate "2024.01.02"]
[EventType "swiss"]
[EventRounds "9"]
[EventCountry "GER"]
[SourceTitle "CB02_2024"]
[SourceDate "2024.01.10"]
[SourceVersion "1"]
[SourceVersionDate "2024.01.10"]
[SourceQuality "1"]

1. c4 e6 2. g3 d5 3. Bg2 Nf6 4. Nf3 Be7 5. 0-0 0-0 6. b3 d4 7. e3 c5 8. exd4 cxd4 9. d3 Nc6 10. Re1 Nd7 11. Nbd2 a5 12. a3 Re8 13. Ne4 e5 14. g4 Nf8 15. h3 Ng6 16. Ng3 Bf8 17. Bg5 f6 18. Bd2 Be6 19. Nh2 Nh4 20. Be4 Qc7 21. Nf3 Ng6 22. Nf5 Nge7 23. N3h4 g6 24. Ng3 Bg7 25. b4 Rf8 26. b5 Nd8 27. Bg2 f5 28. gxf5 gxf5 29. f4 Ng6 30. Nf3 Nf7 31. fxe5 Nfxe5 32. Nh5 Rae8 33. Nxg7 Qxg7 34. Nxe5 Nxe5 35. Bf4 Ng6 36. Qd2 Nxf4 37. Qxf4 Kh8 38. Kh2 b6 39. Bc6 Bd7 40. Rxe8 Bxe8 41. Bf3 Rg8 42. Re1 Bh5 43. Bd5 Bf7 44. Bc6 Bh5 45. Qe5 Qxe5+ 46. Rxe5 Bg6 47. Rd5 Kg7 48. Kg3 f4+ 49. Kxf4 Rf8+ 50. Ke5 Bxd3 51. Rxd4 Bf1 52. h4 Rf2 53. Kd6 Ra2 54. Kc7 Rxa3 55. Kxb6 Ra1 56. Kc5 a4 57. b6 a3 58. Rd7+ Kf6 59. Ra7 Rc1 60. Bd5 Rc3 1-0

[Event "Staufer op 34th"]
[Site "Schwaebisch Gmuend"]
[Date "2024.01.05"]
[Round "7"]
[White "Ohler, Julius"]
[Black "Gschnitzer, Adrian"]
[Result "1/2-1/2"]
[WhiteElo "2213"]
[BlackElo "2411"]
[PlyCount "116"]
[EventDate "2024.01.02"]
[EventType "swiss"]
[EventRounds "9"]
[EventCountry "GER"]
[SourceTitle "CB02_2024"]
[SourceDate "2024.01.10"]
[SourceVersion "1"]
[SourceVersionDate "2024.01.10"]
[SourceQuality "1"]

1. c4 e6 2. g3 d5 3. Bg2 Nf6 4. Nf3 dxc4 5. Qa4+ Nbd7 6. Qxc4 a6 7. 0-0 b5 8. Qc2 Bb7 9. a4 c5 10. d3 Be7 11. axb5 axb5 12. Rxa8 Qxa8 13. Na3 Bc6 14. Bd2 0-0 15. Rc1 Qb7 16. Ra1 Ra8 17. Qc1 Ra4 18. Nc2 Qa8 19. b3 Rxa1 20. Qxa1 Qxa1+ 21. Nxa1 Ng4 22. h3 Nge5 23. Nxe5 Nxe5 24. Nc2 Kf8 25. Bc1 Bxg2 26. Kxg2 Nc6 27. Bb2 Na5 28. Na1 g6 29. Kf3 Ke8 30. e4 Kd7 31. Bc3 b4 32. Bb2 h5 33. Ke3 Kc6 34. f3 Bd8 35. h4 Bb6 36. Kf4 Bc7+ 37. Be5 Bd8 38. Ke3 Be7 39. f4 f6 40. Bb2 Kd6 41. Kf3 Bd8 42. Ke2 Kc6 43. Bc1 Kd7 44. Be3 Kd6 45. Kd2 Be7 46. d4 cxd4 47. Bxd4 f5 48. Kd3 Kc6 49. Be3 Bc5 50. Bd4 Kb5 51. Be3 Bxe3 52. Kxe3 Kc5 53. Kd3 Nb7 54. exf5 exf5 55. Nc2 Nd6 56. Nd4 Kd5 57. Ne2 Ne4 58. Ke3 Kc5 1/2-1/2

[Event "Staufer op 34th"]
[Site "Schwaebisch Gmuend"]
[Date "2024.01.05"]
[Round "8"]
[White "Riehle, Marco"]
[Black "Ohler, Julius"]
[Result "1-0"]
[WhiteElo "2356"]
[BlackElo "2213"]
[PlyCount "73"]
[EventDate "2024.01.02"]
[EventType "swiss"]
[EventRounds "9"]
[EventCountry "GER"]
[SourceTitle "CB02_2024"]
[SourceDate "2024.01.10"]
[SourceVersion "1"]
[SourceVersionDate "2024.01.10"]
[SourceQuality "1"]

1. e4 c6 2. c4 d5 3. exd5 cxd5 4. cxd5 Nf6 5. Nc3 Nxd5 6. Nf3 Nxc3 7. dxc3 Qxd1+ 8. Kxd1 Nc6 9. a4 Bg4 10. Kc2 Rc8 11. Be3 Bxf3 12. gxf3 e6 13. Rd1 a6 14. Kb1 Be7 15. f4 Rd8 16. Bg2 Rd6 17. b4 Kd7 18. Bb6 Kc8 19. a5 Nb8 20. Kc2 Nd7 21. Be3 Nf6 22. Rxd6 Bxd6 23. Bf3 Rd8 24. Rd1 Bc7 25. Rg1 g6 26. c4 e5 27. fxe5 Bxe5 28. h3 Bd4 29. Rd1 Bxe3 30. Bxb7+ Kxb7 31. Rxd8 Bxf2 32. Rf8 Bd4 33. Rxf7+ Kb8 34. Kd3 Be5 35. b5 axb5 36. cxb5 Nh5 37. b6 1-0

[Event "Staufer op 34th"]
[Site "Schwaebisch Gmuend"]
[Date "2024.01.04"]
[Round "6"]
[White "Iniyan, Panneerseluam"]
[Black "Ohler, Julius"]
[Result "1-0"]
[WhiteElo "2515"]
[BlackElo "2213"]
[PlyCount "101"]
[EventDate "2024.01.02"]
[EventType "swiss"]
[EventRounds "9"]
[EventCountry "GER"]
[SourceTitle "CB02_2024"]
[SourceDate "2024.01.10"]
[SourceVersion "1"]
[SourceVersionDate "2024.01.10"]
[SourceQuality "1"]

1. d4 Nf6 2. c4 e6 3. Nf3 d5 4. Nc3 Be7 5. Bg5 h6 6. Bh4 0-0 7. e3 b6 8. Qb3 Bb7 9. Bxf6 Bxf6 10. cxd5 exd5 11. Rd1 Qd6 12. Be2 a6 13. 0-0 Nd7 14. Bd3 Rfe8 15. Bb1 Nf8 16. a4 Rab8 17. Ba2 Rbd8 18. e4 Qf4 19. Nxd5 Bxd5 20. exd5 Rd7 21. Qd3 a5 22. Rc1 g5 23. Rc6 Kg7 24. d6 cxd6 25. Bd5 Bd8 26. g3 Qf6 27. Ne5 dxe5 28. Rxf6 Bxf6 29. Qb3 exd4 30. Bc6 Re6 31. Bxd7 Nxd7 32. Qb5 Ne5 33. Rd1 g4 34. Kg2 d3 35. h3 h5 36. Qd5 gxh3+ 37. Kxh3 Ng4 38. Rd2 Re2 39. Rxe2 dxe2 40. Qd2 Nxf2+ 41. Kg2 Nd3 42. Qxe2 Nc5 43. Qxh5 Ne6 44. b3 Bd4 45. Kf3 Bf6 46. Ke4 Bd8 47. Kd5 Bf6 48. Qg4+ Kf8 49. Qf5 Ke7 50. g4 Bg5 51. Qf2 1-0

[Event "Staufer op 34th"]
[Site "Schwaebisch Gmuend"]
[Date "2024.01.03"]
[Round "4"]
[White "Foksha, Mischa"]
[Black "Ohler, Julius"]
[Result "0-1"]
[WhiteElo "1906"]
[BlackElo "2213"]
[PlyCount "52"]
[EventDate "2024.01.02"]
[EventType "swiss"]
[EventRounds "9"]
[EventCountry "GER"]
[SourceTitle "CB02_2024"]
[SourceDate "2024.01.10"]
[SourceVersion "1"]
[SourceVersionDate "2024.01.10"]
[SourceQuality "1"]

1. e4 c6 2. d4 d5 3. e5 Bf5 4. h4 h5 5. c4 e6 6. Qb3 Qb6 7. c5 Qc7 8. Qc3 Nd7 9. Be3 f6 10. f4 Nh6 11. Nd2 Be7 12. Ne2 Bg4 13. Nf3 Nf5 14. Bf2 b6 15. b4 a5 16. a3 axb4 17. axb4 Rxa1+ 18. Qxa1 Qb7 19. Nh2 bxc5 20. bxc5 Kf7 21. Nxg4 hxg4 22. g3 Ra8 23. Qc3 Qb1+ 24. Qc1 Qb4+ 25. Qc3 Ra1+ 26. Kd2 Ra2+ 0-1

[Event "Staufer op 34th"]
[Site "Schwaebisch Gmuend"]
[Date "2024.01.02"]
[Round "2"]
[White "Ohler, Julius"]
[Black "Morris, James"]
[Result "1/2-1/2"]
[WhiteElo "2213"]
[BlackElo "2416"]
[PlyCount "60"]
[EventDate "2024.01.02"]
[EventType "swiss"]
[EventRounds "9"]
[EventCountry "GER"]
[SourceTitle "CB02_2024"]
[SourceDate "2024.01.10"]
[SourceVersion "1"]
[SourceVersionDate "2024.01.10"]
[SourceQuality "1"]

1. d4 Nf6 2. Nf3 b6 3. c4 Bb7 4. Nc3 e6 5. a3 d5 6. cxd5 Nxd5 7. e3 Nxc3 8. bxc3 Be7 9. Bb5+ c6 10. Be2 0-0 11. 0-0 c5 12. a4 Nc6 13. Ba3 Qc7 14. Qb1 Rfd8 15. Rd1 Na5 16. Nd2 Rac8 17. Nb3 Nxb3 18. Qxb3 cxd4 19. Bxe7 Qxe7 20. cxd4 Bd5 21. Qb2 Rc7 22. Rdc1 Rdc8 23. Ba6 Qg5 24. Bf1 Qe7 25. Ba6 Rxc1+ 26. Rxc1 Rxc1+ 27. Qxc1 g6 28. Qc8+ Kg7 29. Qc3 Qg5 30. Bf1 Qe7 1/2-1/2

[Event "Titled Tuesday intern op 19th Dec Early"]
[Site "Chess.com INT"]
[Date "2023.12.19"]
[Round "7"]
[White "Belov, Alexei"]
[Black "Ohler, Julius"]
[Result "1-0"]
[WhiteElo "2421"]
[BlackElo "2218"]
[PlyCount "57"]
[EventDate "2023.12.19"]
[EventType "swiss (blitz)"]
[EventRounds "11"]
[EventCountry "USA"]
[SourceTitle "CB52_2023"]
[SourceDate "2023.12.27"]
[SourceVersion "1"]
[SourceVersionDate "2023.12.27"]
[SourceQuality "1"]

1. e4 c6 2. d4 d5 3. Nd2 dxe4 4. Nxe4 Nf6 5. Nxf6+ exf6 6. c3 Bd6 7. Bd3 0-0 8. Ne2 Re8 9. Qc2 h5 10. Be3 Nd7 11. 0-0-0 b5 12. d5 c5 13. Bxb5 Rb8 14. c4 a6 15. Ba4 Ne5 16. Bxe8 Qxe8 17. Rhe1 Rb4 18. b3 g6 19. Ng3 Qd8 20. Bd2 Rb7 21. f4 Ng4 22. Ne4 Nxh2 23. Bc3 Bxf4+ 24. Kb2 Be5 25. Nxc5 Re7 26. d6 Re8 27. d7 Bxc3+ 28. Qxc3 Rxe1 29. Qxe1 1-0

[Event "Sant Boi de Llobregat op 4th"]
[Site "Sant Boi de Llobregat"]
[Date "2023.11.30"]
[Round "1"]
[White "Ohler, Julius"]
[Black "Szpar, Milosz"]
[Result "1/2-1/2"]
[WhiteElo "2273"]
[BlackElo "2485"]
[PlyCount "87"]
[EventDate "2023.11.30"]
[EventType "swiss"]
[EventRounds "9"]
[EventCountry "ESP"]
[SourceTitle "CB50_2023"]
[SourceDate "2023.12.13"]
[SourceVersion "1"]
[SourceVersionDate "2023.12.13"]
[SourceQuality "1"]

1. d4 d5 2. c4 e6 3. Nc3 Nf6 4. Bg5 c5 5. cxd5 cxd4 6. Qxd4 Be7 7. Nf3 exd5 8. e3 0-0 9. Be2 h6 10. Bh4 Be6 11. 0-0 Nc6 12. Qa4 a6 13. Nd4 Nxd4 14. Qxd4 Rc8 15. Rfd1 b5 16. Rac1 Qa5 17. a3 Rfd8 18. h3 Rc7 19. Bg3 Rb7 20. Qd2 b4 21. axb4 Rxb4 22. Ra1 Qb6 23. Rxa6 Qb7 24. Raa1 Rxb2 25. Rab1 Rb4 26. Rxb4 Qxb4 27. Bf3 Qc4 28. Qd3 Qc8 29. Be5 Nd7 30. Nxd5 Bxd5 31. Qxd5 Nxe5 32. Qxe5 Bf6 33. Rxd8+ Qxd8 34. Qb5 g6 35. Bd5 h5 36. Bb3 h4 37. Qb7 Qe7 38. Qd5 Kg7 39. Kf1 Be5 40. f4 Bc7 41. Ke2 Qf6 42. Kf3 Bb6 43. Qb7 Bc5 44. Qc7 1/2-1/2

[Event "Titled Tuesday intern op 14th Nov Early"]
[Site "Chess.com INT"]
[Date "2023.11.14"]
[Round "2"]
[White "Ohler, Julius"]
[Black "Arslanov, Shamil"]
[Result "0-1"]
[WhiteElo "2273"]
[BlackElo "2410"]
[PlyCount "60"]
[EventDate "2023.11.14"]
[EventType "swiss (blitz)"]
[EventRounds "11"]
[EventCountry "USA"]
[SourceTitle "CB47_2023"]
[SourceDate "2023.11.22"]
[SourceVersion "1"]
[SourceVersionDate "2023.11.22"]
[SourceQuality "1"]

1. d4 e5 2. dxe5 d6 3. exd6 Bxd6 4. Nf3 Nc6 5. g3 Bg4 6. Bg2 Qe7 7. 0-0 0-0-0 8. Qe1 Nf6 9. c3 h5 10. Bg5 h4 11. Bxh4 Rxh4 12. Nxh4 g5 13. Nf3 Rh8 14. Nbd2 Qd7 15. Nxg5 Qf5 16. h4 Nh7 17. e4 Qg6 18. Nxh7 Rxh7 19. Qe3 Ne5 20. f4 Nd7 21. e5 Bc5 22. Qxc5 Nxc5 23. Rae1 Bf5 24. Re3 Rh8 25. Kh2 Rd8 26. Nf3 Ne4 27. Nd4 Nd2 28. Nxf5 Nxf1+ 29. Bxf1 Rd2+ 30. Kg1 Qxf5 0-1

[Event "Titled Tuesday intern op 14th Nov Early"]
[Site "Chess.com INT"]
[Date "2023.11.14"]
[Round "4"]
[White "Ohler, Julius"]
[Black "Fernandez, Mario Leon"]
[Result "1-0"]
[WhiteElo "2273"]
[BlackElo "2032"]
[PlyCount "135"]
[EventDate "2023.11.14"]
[EventType "swiss (blitz)"]
[EventRounds "11"]
[EventCountry "USA"]
[SourceTitle "CB47_2023"]
[SourceDate "2023.11.22"]
[SourceVersion "1"]
[SourceVersionDate "2023.11.22"]
[SourceQuality "1"]

1. d4 d5 2. c4 c6 3. Nf3 Nf6 4. Qb3 g6 5. g3 Bg7 6. Bg2 0-0 7. 0-0 Re8 8. Bf4 e6 9. Nbd2 Nbd7 10. Rac1 Qb6 11. c5 Qxb3 12. Nxb3 h6 13. Bd6 Ne4 14. Ne5 Nxd6 15. Nxd7 Nc4 16. Ne5 Nxe5 17. dxe5 Bxe5 18. Rc2 a5 19. a4 Bg7 20. Rd1 e5 21. e4 d4 22. Nd2 Be6 23. Nc4 Bxc4 24. Rxc4 Red8 25. Rd3 Rd7 26. Kf1 f6 27. Ke2 Kf7 28. Bh3 Rc7 29. f4 Rb8 30. Rb3 Ke7 31. Kd3 g5 32. fxe5 fxe5 33. Bf5 Bf6 34. g4 Kd8 35. Rc2 Be7 36. Kc4 b5+ 37. axb5 cxb5+ 38. Rxb5 Rxb5 39. Kxb5 Ra7 40. Kc4 Kc7 41. Kd5 Bf6 42. c6 Ra6 43. Bd7 Rb6 44. Kc4 Rb4+ 45. Kd5 Rb5+ 46. Ke6 Bg7 47. Kf7 Bh8 48. Kg6 Rb4 49. Kxh6 Bf6 50. Kg6 Be7 51. Kf5 Bd6 52. Kxg5 d3 53. Rd2 Rd4 54. Kf5 a4 55. g5 Bb4 56. Rd1 d2 57. Kxe5 Rd3 58. g6 a3 59. bxa3 Bxa3 60. g7 Bb2+ 61. Kf4 Bxg7 62. h4 Bh6+ 63. Kf5 Re3 64. Rxd2 Rf3+ 65. Kg4 Rf4+ 66. Kg3 Rxe4 67. Rf2 Bf8 68. Rxf8 1-0

[Event "Titled Tuesday intern op 14th Nov Early"]
[Site "Chess.com INT"]
[Date "2023.11.14"]
[Round "7"]
[White "Ohler, Julius"]
[Black "Salvador, Louie"]
[Result "0-1"]
[WhiteElo "2273"]
[BlackElo "2143"]
[PlyCount "58"]
[EventDate "2023.11.14"]
[EventType "swiss (blitz)"]
[EventRounds "11"]
[EventCountry "USA"]
[SourceTitle "CB47_2023"]
[SourceDate "2023.11.22"]
[SourceVersion "1"]
[SourceVersionDate "2023.11.22"]
[SourceQuality "1"]

1. d4 d5 2. c4 c6 3. cxd5 cxd5 4. Bf4 Nf6 5. Nc3 Nc6 6. e3 a6 7. Bd3 Bg4 8. Nf3 e6 9. h3 Bh5 10. a3 Bd6 11. Bxd6 Qxd6 12. 0-0 0-0 13. Rc1 Rac8 14. Qe2 Rc7 15. Na4 Ne4 16. Nc5 f5 17. b4 Rfc8 18. Qd1 Bxf3 19. gxf3 Ng5 20. Kg2 Ne7 21. f4 Ne4 22. f3 Nf6 23. Qd2 Ng6 24. Kf2 Qe7 25. Nb3 Nh5 26. Kg2 Qh4 27. Qf2 Nhxf4+ 28. exf4 Nxf4+ 29. Kg1 Nxh3+ 0-1

[Event "Titled Tuesday intern op 24th Oct Late"]
[Site "Chess.com INT"]
[Date "2023.10.24"]
[Round "2"]
[White "Slavin, Alexei"]
[Black "Ohler, Julius"]
[Result "1-0"]
[WhiteElo "2364"]
[BlackElo "2273"]
[PlyCount "113"]
[EventDate "2023.10.24"]
[EventType "swiss (blitz)"]
[EventRounds "11"]
[EventCountry "USA"]
[SourceTitle "Mega2024 Update 01"]
[Source "Chessbase"]
[SourceDate "2023.11.12"]
[SourceVersion "1"]
[SourceVersionDate "2023.11.12"]
[SourceQuality "1"]

1. e4 c6 2. d4 d5 3. e5 Bf5 4. Nf3 e6 5. Be2 Nd7 6. 0-0 h6 7. c3 Ne7 8. a3 g5 9. b4 Bg7 10. Nbd2 0-0 11. Nb3 Ng6 12. Bd3 Bxd3 13. Qxd3 Rc8 14. Nc5 b6 15. Nxd7 Qxd7 16. Be3 Rc7 17. Rfb1 Ne7 18. a4 Nf5 19. a5 b5 20. Bd2 a6 21. g4 Ne7 22. h4 gxh4 23. Nxh4 Qd8 24. Kg2 f6 25. exf6 Rxf6 26. Rh1 Nc8 27. Ng6 Qe8 28. Ne5 Nd6 29. f3 Nc4 30. Rh5 Nxe5 31. dxe5 Qg6 32. Qxg6 Rxg6 33. Rah1 c5 34. Bxh6 cxb4 35. Bxg7 Rgxg7 36. cxb4 Rc2+ 37. Kg3 Rc4 38. Rh6 Kf7 39. Rf6+ Ke7 40. Rhh6 Rc6 41. f4 d4 42. Kf3 d3 43. g5 Rf7 44. Ke3 Rxf6 45. gxf6+ Kf7 46. Kxd3 Rc4 47. Rh7+ Kg6 48. Rg7+ Kh6 49. Re7 Rxf4 50. Rxe6 Rxb4 51. Rxa6 Kg6 52. Rb6 Ra4 53. Rxb5 Kf7 54. Rb7+ Ke6 55. f7 Rf4 56. a6 Kxe5 57. a7 1-0

[Event "Vienna Ottakring 100 Years"]
[Site "Vienna"]
[Date "2023.09.03"]
[Round "9"]
[White "Ohler, Julius"]
[Black "Fuchs, Patrick1111"]
[Result "1/2-1/2"]
[WhiteElo "2141"]
[BlackElo "2034"]
[PlyCount "108"]
[EventDate "2023.08.26"]
[EventType "swiss"]
[EventRounds "9"]
[EventCountry "AUT"]
[SourceTitle "EXT 2024"]
[Source "ChessBase"]
[SourceDate "2023.10.10"]
[SourceVersion "1"]
[SourceVersionDate "2023.10.10"]
[SourceQuality "1"]

1. c4 e5 2. g3 c6 3. d4 e4 4. d5 Bb4+ 5. Bd2 Qe7 6. Bxb4 Qxb4+ 7. Qd2 Qxc4 8. Nc3 Nf6 9. e3 Qb4 10. Rc1 0-0 11. Bg2 cxd5 12. Nxe4 Qxd2+ 13. Nxd2 Nc6 14. Nb3 d6 15. a3 Ne5 16. Rd1 Nc4 17. Ne2 Nxb2 18. Rd4 Be6 19. 0-0 Rfc8 20. Nf4 Rc3 21. Rb4 b6 22. Nc1 Rac8 23. Nce2 Nd3 24. Nxc3 Nxb4 25. Nb5 Nc6 26. Nxd6 Rd8 27. Nb5 a6 28. Nc7 Rc8 29. Nxa6 Na5 30. Nb4 Nc4 31. Ra1 Rc5 32. h4 Ra5 33. Rc1 Rxa3 34. Nbxd5 Nxd5 35. Bxd5 Bxd5 36. Nxd5 b5 37. Nc7 Rb3 38. Nxb5 Rxb5 39. Rxc4 h5 40. Rf4 f6 41. e4 Kf7 42. Kg2 Ke6 43. Rf3 g6 44. Ra3 Ke5 45. Kf3 f5 46. exf5 Kxf5 47. Ra4 g5 48. Kg2 g4 49. Ra6 Ke4 50. Re6+ Re5 51. Rxe5+ Kxe5 52. Kf1 Kd4 53. Ke1 Ke4 54. Ke2 Ke5 1/2-1/2

[Event "Vienna Ottakring 100 Years"]
[Site "Vienna"]
[Date "2023.08.28"]
[Round "3"]
[White "Ohler, Julius"]
[Black "Blohberger, Felix"]
[Result "0-1"]
[WhiteElo "2141"]
[BlackElo "2522"]
[PlyCount "88"]
[EventDate "2023.08.26"]
[EventType "swiss"]
[EventRounds "9"]
[EventCountry "AUT"]
[SourceTitle "EXT 2024"]
[Source "ChessBase"]
[SourceDate "2023.10.10"]
[SourceVersion "1"]
[SourceVersionDate "2023.10.10"]
[SourceQuality "1"]

1. c4 Nf6 2. g3 c5 3. Nc3 Nc6 4. Bg2 g6 5. a3 Bg7 6. Rb1 a5 7. d3 0-0 8. e4 d6 9. Nge2 Ne8 10. 0-0 Nc7 11. Be3 Bd7 12. Qd2 Ne6 13. Nd5 Ned4 14. Nxd4 cxd4 15. Bh6 Bxh6 16. Qxh6 e6 17. Nf4 Rb8 18. Rfc1 Ne5 19. Ne2 b5 20. Qd2 Qb6 21. b4 bxc4 22. dxc4 d3 23. Nf4 Rfc8 24. c5 dxc5 25. Nxd3 Qd6 26. Rd1 Nxd3 27. Qxd3 Qxd3 28. Rxd3 Ba4 29. Rc3 cxb4 30. Rxc8+ Rxc8 31. axb4 Rb8 32. e5 axb4 33. Be4 b3 34. Kf1 Rb4 35. Bd3 Bb5 36. Ke2 g5 37. Kd2 Kg7 38. h3 h5 39. Rb2 Bxd3 40. Kxd3 Kg6 41. Kc3 Rb5 42. Kc4 Rxe5 43. Rxb3 Re2 44. Rf3 f5 0-1

[Event "Bruges Masters op"]
[Site "Bruges"]
[Date "2023.08.16"]
[Round "7"]
[White "Follesa, Enrico"]
[Black "Ohler, Julius"]
[Result "1-0"]
[WhiteElo "2209"]
[BlackElo "2141"]
[PlyCount "91"]
[EventDate "2023.08.12"]
[EventType "swiss"]
[EventRounds "9"]
[EventCountry "BEL"]
[SourceTitle "CBM 215 Extra"]
[Source "ChessBase"]
[SourceDate "2023.09.30"]
[SourceVersion "1"]
[SourceVersionDate "2023.09.30"]
[SourceQuality "1"]

1. e4 c6 2. d4 d5 3. Nc3 dxe4 4. Nxe4 Nf6 5. Nxf6+ exf6 6. c3 Bd6 7. Bd3 0-0 8. Qc2 Re8+ 9. Ne2 h5 10. Be3 Nd7 11. 0-0-0 b5 12. Ng3 Nb6 13. Kb1 Bg4 14. Rde1 Nd5 15. Nf5 Bxf5 16. Bxf5 b4 17. c4 Nxe3 18. fxe3 c5 19. Be4 b3 20. axb3 Rb8 21. Bc6 Re7 22. Qd3 Qa5 23. Rd1 Qb6 24. Bb5 Qb7 25. Rd2 Re4 26. Rf1 Qe7 27. Rf3 cxd4 28. exd4 Bxh2 29. Bc6 Re1+ 30. Ka2 Rb6 31. Ba4 Bg1 32. c5 Rb4 33. Qc3 Qe4 34. Rfd3 a5 35. c6 Qd5 36. Bb5 Qxb5 37. c7 Ra4+ 38. bxa4 Qxa4+ 39. Qa3 Qc4+ 40. Qb3 Qxc7 41. Rc2 Qd7 42. d5 a4 43. Qc4 Kh7 44. d6 Qf5 45. Rd5 Re5 46. Rcd2 1-0

[Event "Bruges Masters op"]
[Site "Bruges"]
[Date "2023.08.13"]
[Round "3"]
[White "Rogge, Parcival"]
[Black "Ohler, Julius"]
[Result "1/2-1/2"]
[WhiteElo "2247"]
[BlackElo "2141"]
[PlyCount "95"]
[EventDate "2023.08.12"]
[EventType "swiss"]
[EventRounds "9"]
[EventCountry "BEL"]
[SourceTitle "CBM 215 Extra"]
[Source "ChessBase"]
[SourceDate "2023.09.30"]
[SourceVersion "1"]
[SourceVersionDate "2023.09.30"]
[SourceQuality "1"]

1. e4 c6 2. Nc3 d5 3. Nf3 dxe4 4. Nxe4 Nf6 5. Qe2 Na6 6. d3 Nxe4 7. dxe4 g6 8. g3 Bg7 9. Bg2 0-0 10. 0-0 Qa5 11. h3 Nc7 12. Bd2 Qb5 13. Qxb5 Nxb5 14. a4 Nd4 15. Nxd4 Bxd4 16. c3 Bg7 17. a5 Be6 18. Bg5 Bf6 19. Be3 Rfd8 20. Rfd1 Rxd1+ 21. Rxd1 Be5 22. Ra1 Bc4 23. Bf1 Bxf1 24. Kxf1 Kf8 25. Ra3 Bc7 26. Ke2 Ke8 27. Kd3 Kd7 28. Ra1 a6 29. Kc4 Rd8 30. Rd1+ Ke6 31. Ra1 Kd7 32. Rd1+ Ke6 33. Rxd8 Bxd8 34. b4 Kd6 35. f4 h5 36. Bd4 e6 37. g4 hxg4 38. hxg4 Kd7 39. g5 Bc7 40. Be5 Bxe5 41. fxe5 Kc7 42. Kc5 Kd7 43. Kb6 Kc8 44. c4 Kb8 45. b5 cxb5 46. cxb5 axb5 47. Kxb5 Ka7 48. Kb4 1/2-1/2

[Event "Andorra op 39th"]
[Site "Escaldes"]
[Date "2023.07.30"]
[Round "9"]
[White "Martinez Pla, Xavier"]
[Black "Ohler, Julius"]
[Result "1/2-1/2"]
[WhiteElo "2268"]
[BlackElo "2141"]
[PlyCount "39"]
[EventDate "2023.07.22"]
[EventType "swiss"]
[EventRounds "9"]
[EventCountry "AND"]
[SourceTitle "CBM 215 Extra"]
[Source "ChessBase"]
[SourceDate "2023.09.30"]
[SourceVersion "1"]
[SourceVersionDate "2023.09.30"]
[SourceQuality "1"]

1. a3 d5 2. d4 Nf6 3. Nf3 Bf5 4. e3 c6 5. Bd3 g6 6. c4 Nbd7 7. Nc3 e6 8. 0-0 Bg7 9. Qe2 0-0 10. Rd1 Bxd3 11. Qxd3 Nb6 12. b3 dxc4 13. bxc4 c5 14. Rb1 Rc8 15. d5 exd5 16. cxd5 c4 17. Qc2 Nfd7 18. e4 Nc5 19. Nd4 Nd3 20. Be3 1/2-1/2

[Event "Andorra op 39th"]
[Site "Escaldes"]
[Date "2023.07.26"]
[Round "5"]
[White "Decuigniere, Tom"]
[Black "Ohler, Julius"]
[Result "1-0"]
[WhiteElo "2393"]
[BlackElo "2141"]
[PlyCount "87"]
[EventDate "2023.07.22"]
[EventType "swiss"]
[EventRounds "9"]
[EventCountry "AND"]
[SourceTitle "CBM 215 Extra"]
[Source "ChessBase"]
[SourceDate "2023.09.30"]
[SourceVersion "1"]
[SourceVersionDate "2023.09.30"]
[SourceQuality "1"]

1. e4 c6 2. d4 d5 3. exd5 cxd5 4. Nf3 Nc6 5. Bb5 Nf6 6. 0-0 Bg4 7. h3 Bxf3 8. Qxf3 Qb6 9. c4 e6 10. Nc3 Bb4 11. cxd5 Nxd5 12. Nxd5 exd5 13. Qxd5 0-0 14. Bxc6 bxc6 15. Qc4 Be7 16. b3 Bf6 17. Be3 Rfd8 18. Rfd1 h6 19. Rac1 Qa5 20. b4 Qa4 21. Qxc6 Qxb4 22. d5 Qd6 23. Qxd6 Rxd6 24. Rc5 Bd8 25. Rc6 Rd7 26. Ra6 Rb8 27. a4 Bb6 28. Bf4 Rbd8 29. a5 Bc5 30. d6 g5 31. Be5 f6 32. Bxf6 Rxd6 33. Raxd6 Rxd6 34. Rxd6 Bxd6 35. a6 Kf7 36. Bd4 Bb8 37. Kf1 h5 38. Ke2 Ke6 39. g4 hxg4 40. hxg4 Kd5 41. Kd3 Kc6 42. Kc4 Kd6 43. Be3 Kc6 44. f3 1-0

[Event "Andorra op 39th"]
[Site "Escaldes"]
[Date "2023.07.23"]
[Round "2"]
[White "Ohler, Julius"]
[Black "Shyam, Nikil P"]
[Result "1/2-1/2"]
[WhiteElo "2141"]
[BlackElo "2473"]
[PlyCount "103"]
[EventDate "2023.07.22"]
[EventType "swiss"]
[EventRounds "9"]
[EventCountry "AND"]
[SourceTitle "CBM 215 Extra"]
[Source "ChessBase"]
[SourceDate "2023.09.30"]
[SourceVersion "1"]
[SourceVersionDate "2023.09.30"]
[SourceQuality "1"]

1. c4 e5 2. Nc3 Bb4 3. e4 Bxc3 4. bxc3 d6 5. g3 Ne7 6. Bg2 Be6 7. d3 Qc8 8. Nf3 Bh3 9. Bxh3 Qxh3 10. Ng5 Qg2 11. Qf3 Qxf3 12. Nxf3 Nbc6 13. Rb1 b6 14. Nh4 0-0 15. 0-0 h6 16. Ng2 f5 17. f3 Rf7 18. Rb2 Raf8 19. Rbf2 Na5 20. Ne3 Nb7 21. Ba3 f4 22. Nd5 Ng6 23. Kg2 h5 24. Rd2 c6 25. Nb4 Na5 26. Nc2 Rf6 27. Rdf2 Nb7 28. Rd1 Nd8 29. d4 Nf7 30. Ne1 c5 31. d5 fxg3 32. hxg3 h4 33. Bc1 hxg3 34. Kxg3 Nf4 35. Rh2 Rg6+ 36. Kf2 Ng5 37. Bxf4 Rxf4 38. Ke2 Rgf6 39. Rd3 Rh6 40. Rg2 Nh3 41. Rd1 Rff6 42. Nd3 Rfg6 43. Rxg6 Rxg6 44. Ke3 Rg3 45. Nxe5 Ng5 46. Kf4 Rg2 47. Nc6 Nf7 48. Ke3 Rc2 49. Kd3 Rf2 50. Ke3 Rc2 51. Kd3 Rf2 52. Ke3 1/2-1/2